00620nam a2200181 a 450000100080000000500110000800800410001910000140006024501190007426001260019330000090031949000130032865300160034165300110035765300150036865300350038370000200041810172422014-09-04 1995 bl uuuu u0uu1 u #d1 aLECOQ, M. aLe projet "Environnement et criquets ravageurs au Brésil"bpremier rapport d´avancement des travaux. Avril 1994. aBruxeles-Belgique: Commission Européenne; Montpellier-France: CIRAD-GERDAT-PRIFAS; Campinas (Brésil): Embrapa-NMAc1995 a9 p. a(D. 522) aAcridologia aBrasil aGafanhotos aRhammatocerus schistocercoides1 aPIEROZZI JR. I.